El gran conflicto

Gorde:
Xehetasun bibliografikoak
Egile nagusia: White, E. G (Egilea)
Formatua: Liburua
Hizkuntza:gaztelania
Argitaratua: Phoenix Inspiration Books 1973
Gaiak:
Etiketak: Etiketa erantsi
Etiketarik gabe, Izan zaitez lehena erregistro honi etiketa jartzen!

MARC

LEADER 00000nam a2200000 a 4500
001 UCI2220
003 CL-VaPUC
008 070810e19730000US |||||||||||||||||spa|d
082 0 4 |a 273  |b WHI  |2 21 
100 0 |a White, E. G  |e author  |9 523159 
245 1 3 |a El gran conflicto 
300 |a 657 p 
942 |c BK 
945 |d 20070810 00:00:00  |a rbrito 
260 |a Phoenix  |b Inspiration Books  |c 1973 
650 0 |a Profecías  |9 266038 
650 0 |a Historia de la religión  |9 313185 
650 0 |a Cristianismo  |9 257361 
583 |a last modification  |c 20070810 00:00:00  |k Rodrigo Vera 
999 |c 326857  |d 326855 
952 |0 0  |1 0  |4 0  |6 273_000000000000000_WHI_1973  |7 0  |8 A  |9 409033  |a BIBTEO  |b BIBTEO  |d 2019-11-22  |i 2089351  |o 273 WHI 1973  |p 2089351  |r 2025-01-17  |w 2019-11-22  |y BK  |k ICR